UM Logo

Human behavior and crisis management : (Record no. 11230)

MARC details
000 -LEADER
fixed length control field 00774nam a22001937a 4500
008 - FIXED-LENGTH DATA ELEMENTS--GENERAL INFORMATION
fixed length control field 181019b ||||| |||| 00| 0 eng d
020 ## - INTERNATIONAL STANDARD BOOK NUMBER
International Standard Book Number 978-971-9647-08-9
082 ## - DEWEY DECIMAL CLASSIFICATION NUMBER
Edition number 2016
Classification number DFil 658.4056
Item number C278
100 ## - MAIN ENTRY--PERSONAL NAME
Personal name Castillo, Rodolfo V., author.
9 (RLIN) 32319
245 ## - TITLE STATEMENT
Title Human behavior and crisis management :
Remainder of title with PNP operational procedures on critical incident management /
Statement of responsibility, etc. Rodolfo V. Castillo, Jr. and Ramil G. Gabao
260 ## - PUBLICATION, DISTRIBUTION, ETC. (IMPRINT)
Place of publication, distribution, etc. Quezon City:
Name of publisher, distributor, etc. ChapterHouse Publishing Incorporate,
Date of publication, distribution, etc. ©2016.
300 ## - PHYSICAL DESCRIPTION
Extent iii, 151 pages :
Other physical details illustrations ;
Dimensions 23 cm.
500 ## - GENERAL NOTE
General note Includes references and index.
650 ## - SUBJECT ADDED ENTRY--TOPICAL TERM
Topical term or geographic name as entry element Crisis management.
9 (RLIN) 32320
650 ## - SUBJECT ADDED ENTRY--TOPICAL TERM
Topical term or geographic name as entry element Human behavior.
9 (RLIN) 32321
700 ## - ADDED ENTRY--PERSONAL NAME
Personal name Gabao, Ramil G., author.
9 (RLIN) 32322
365 ## - TRADE PRICE
Price amount 593.00
Currency code Php.
942 ## - ADDED ENTRY ELEMENTS (KOHA)
Source of classification or shelving scheme Dewey Decimal Classification
Koha item type Filipiniana
Holdings
Withdrawn status Lost status Source of classification or shelving scheme Damaged status Not for loan Collection code Home library Current library Shelving location Date acquired Source of acquisition Cost, normal purchase price Total Checkouts Full call number Barcode Date last seen Date last checked out Copy number Price effective from Koha item type
    Dewey Decimal Classification     Filipiniana UM Digos College - LIC UM Digos College - LIC Book Cart 08/29/2018 Purchased 593.00 6 DFil 658.4056 C278 2016 25317 05/15/2025 10/12/2021 1 10/19/2018 Filipiniana